<?xml version='1.0' encoding='UTF-8'?>
  <record xmlns="http://www.loc.gov/MARC21/slim">
    <leader>00000cam a2200000 i 4500</leader>
    <controlfield tag="001">ocn901224475</controlfield>
    <controlfield tag="003">OCoLC</controlfield>
    <controlfield tag="005">20250822065045.4</controlfield>
    <controlfield tag="008">150127m14931494fr            001 0 lat d</controlfield>
    <datafield tag="040" ind1=" " ind2=" ">
      <subfield code="a">NLGGC</subfield>
      <subfield code="b">eng</subfield>
      <subfield code="e">rda</subfield>
      <subfield code="e">dcrmr</subfield>
      <subfield code="c">NLGGC</subfield>
      <subfield code="d">OCLCQ</subfield>
      <subfield code="d">OCLCL</subfield>
      <subfield code="d">OCLCQ</subfield>
      <subfield code="d">QGJ</subfield>
      <subfield code="d">OCLCL</subfield>
      <subfield code="d">QGJ</subfield>
    </datafield>
    <datafield tag="066" ind1=" " ind2=" ">
      <subfield code="c">(S</subfield>
    </datafield>
    <datafield tag="029" ind1="0" ind2=" ">
      <subfield code="a">NLGGC</subfield>
      <subfield code="b">388319941</subfield>
    </datafield>
    <datafield tag="035" ind1=" " ind2=" ">
      <subfield code="a">(OCoLC)901224475</subfield>
    </datafield>
    <datafield tag="082" ind1="0" ind2="4">
      <subfield code="a">252.67</subfield>
      <subfield code="q">OCoLC</subfield>
      <subfield code="1">https://id.oclc.org/worldcat/ddc/E36DKrKpMdjWGYKQbTRqMXtwyq</subfield>
    </datafield>
    <datafield tag="100" ind1="0" ind2=" ">
      <subfield code="a">Vincent Ferrer,</subfield>
      <subfield code="c">Saint,</subfield>
      <subfield code="d">approximately 1350-1419,</subfield>
      <subfield code="e">author.</subfield>
      <subfield code="4">aut</subfield>
      <subfield code="1">https://id.oclc.org/worldcat/entity/E39PBJfRy7rwd87yDwg7TdbTpP</subfield>
    </datafield>
    <datafield tag="240" ind1="1" ind2="0">
      <subfield code="a">Sermones de tempore et de sanctis</subfield>
    </datafield>
    <datafield tag="245" ind1="1" ind2="0">
      <subfield code="a">Sermones sancti Vincentij fratris ordinis predicatorum de tempore Pars hiemalis</subfield>
    </datafield>
    <datafield tag="246" ind1="1" ind2=" ">
      <subfield code="i">Title volume 2:</subfield>
      <subfield code="a">Sermones sancti Vincentij fratris ordinis predicatorum de tempore Pars estiualis</subfield>
    </datafield>
    <datafield tag="246" ind1="1" ind2=" ">
      <subfield code="i">Title volme 3:</subfield>
      <subfield code="a">Sermones sancti Vincentij fratris ordinis predicatoru[m] De sanctis</subfield>
    </datafield>
    <datafield tag="246" ind1="1" ind2=" ">
      <subfield code="i">Title according to ISTC, GW and IDL</subfield>
      <subfield code="a">Sermones de tempore et de sanctis</subfield>
    </datafield>
    <datafield tag="264" ind1=" " ind2="1">
      <subfield code="a">Argentine :</subfield>
      <subfield code="b">[Printer of the 1483 Jordanus de Quedlinburg (Georg Husner)],</subfield>
      <subfield code="c">[1493-1494]</subfield>
    </datafield>
    <datafield tag="300" ind1=" " ind2=" ">
      <subfield code="a">3 volumes ([210]; [256]; [136]) leaves) ;</subfield>
      <subfield code="c">29 cm (folio)</subfield>
    </datafield>
    <datafield tag="336" ind1=" " ind2=" ">
      <subfield code="a">text</subfield>
      <subfield code="b">txt</subfield>
      <subfield code="2">rdacontent</subfield>
    </datafield>
    <datafield tag="337" ind1=" " ind2=" ">
      <subfield code="a">unmediated</subfield>
      <subfield code="b">n</subfield>
      <subfield code="2">rdamedia</subfield>
    </datafield>
    <datafield tag="338" ind1=" " ind2=" ">
      <subfield code="a">volume</subfield>
      <subfield code="b">nc</subfield>
      <subfield code="2">rdacarrier</subfield>
    </datafield>
    <datafield tag="340" ind1=" " ind2=" ">
      <subfield code="m">folio</subfield>
      <subfield code="2">rdabf</subfield>
    </datafield>
    <datafield tag="340" ind1=" " ind2=" ">
      <subfield code="k">2 columns</subfield>
    </datafield>
    <datafield tag="500" ind1=" " ind2=" ">
      <subfield code="a">Title from title page volume 1.</subfield>
    </datafield>
    <datafield tag="500" ind1=" " ind2=" ">
      <subfield code="a">Title on title page volume 2: Sermones sancti Vincentij fratris ordinis predicatorum de tempore Pars estiualis.</subfield>
    </datafield>
    <datafield tag="500" ind1=" " ind2=" ">
      <subfield code="a">Title on title page volume 3: Sermones sancti Vincentij fratris ordinis predicatoru[m] De sanctis.</subfield>
    </datafield>
    <datafield tag="500" ind1=" " ind2=" ">
      <subfield code="a">Place and dates of publication from colophons.</subfield>
    </datafield>
    <datafield tag="500" ind1=" " ind2=" ">
      <subfield code="a">Colophon volume 1: Diuini verbi praeconis &amp; predicatoris sacreq[ue] theologie p[ro]fessoris eximij sancti Vincentii confessoris diui ordinis predicatoru[m] sermones validissimi t[em]p[or]is hiemalis finiu[n]t. Impressi Argentine. Anno domini. M.ccccxciij.</subfield>
    </datafield>
    <datafield tag="500" ind1=" " ind2=" ">
      <subfield code="a">Colophon volume 2: Sermo[n]es sancti Vincentij illuminitissimi sacre theologie p[ro]fessoris acutissimi fratris diui ordinis p[re]dicato[rum] temporis estiualis finiunt. Imp[re]ssi Argentine Anno d[omi]ni. M.cccc.xciij1493. Finiti in vigilia sancti Thome apostoli.</subfield>
    </datafield>
    <datafield tag="500" ind1=" " ind2=" ">
      <subfield code="a">Colophon volume 3: Diuini verbi interpretis &amp; p[re]dicatoris immarcescibilis sacreq[ue] theologie p[ro]fessoris eximij sancti Vincentij confessoris diui ordinis p[re]dicato[rum] Sermones subtilissimi d[e] sanctis p[er] toti[us] anni circulum finiu[n]t. Impressi Argentine Anno d[omi]ni. M.cccc.lxxxxiiij. Co[m]pleti feria sexta ante festu[m] Purificationis sancte Marie virginis.</subfield>
    </datafield>
    <datafield tag="500" ind1=" " ind2=" ">
      <subfield code="a">Volume 1 dated 1493; volume 2 dated 20 Dec. 1493; volume 3 dated 30 Jan. 1493.</subfield>
    </datafield>
    <datafield tag="500" ind1=" " ind2=" ">
      <subfield code="a">Incipit volume 1: Diuini uerbi preconis &amp; p[re]dicatoris. ac sacra[rum] l[itte]ra[rum] interp[re]tis et p[ro]fessoris subtilissimi sancti Vince[n]tij [con]fessoris de valentia ordini diui p[re]dicato[rum] Sermones fructuosissimi hyemales de t[em]p[or]e incipiunt feliciter. At head of page: Dominica prim ain aduentu d[omi]ni Ser. I.</subfield>
    </datafield>
    <datafield tag="500" ind1=" " ind2=" ">
      <subfield code="a">Incipit volume 2: Diuini uerbi preconis interp[re]tis &amp; p[ro]fessor[is] subtilissimi s[an]cti Vince[n]tij ferrarij de regno aragonie [con]uent[us] Vale[n]tie diui p[re]dicato[rum] ordinis Sermo[n]es vberrimi estiuales de temp[or]e Incipiunt feliciter.</subfield>
    </datafield>
    <datafield tag="500" ind1=" " ind2=" ">
      <subfield code="a">Incipit volume 3:  Diuini uerbi preconis &amp; p[re]dicatoris. ac sacra[rum] l[itte]ra[rum] interp[re]tis et p[ro]fessoris subtilissimi sancti Vincentij confessoris de valentia ordini diui p[re]dicatoru[m] sermones vberrimi de sanctis p[er] totius anni circulim Incipiunt feliciter.</subfield>
    </datafield>
    <datafield tag="500" ind1=" " ind2=" ">
      <subfield code="a">Includes indices.</subfield>
    </datafield>
    <datafield tag="500" ind1=" " ind2=" ">
      <subfield code="a">Incipit tabula volume 1: Incipit tabula in sermones sancti Vincentij t[em]p[or]is hyemalis alphabetico ordine singulo[rum] in his [con]tentorum demonstratiua &amp; directiua. At haed of page: Tabula</subfield>
    </datafield>
    <datafield tag="500" ind1=" " ind2=" ">
      <subfield code="a">Incipit tabula volume 2: Incipit tabula alphabetica sermonu[m] magistri Vince[n]tij ordinis predicato[rum] partis estiualis omniu[m] i[n] hoc volumine contento[rum] faciliter indicatiua. At head of page: Tabula</subfield>
    </datafield>
    <datafield tag="500" ind1=" " ind2=" ">
      <subfield code="a">Incipit tabula volume 3: Tabula i[n] s[er]mones de sanct[is] s[an]cti Vincentij p[er] toti[us] anni circulu[m] specialiu[m] puncto[rum] i[n] his [con]te[]nto[rum] alphabetice directiua &amp; oste[n]tiua incipit. At head op page: Tabula</subfield>
    </datafield>
    <datafield tag="500" ind1=" " ind2=" ">
      <subfield code="a">Text printed in two columns.</subfield>
    </datafield>
    <datafield tag="500" ind1=" " ind2=" ">
      <subfield code="a">Capital spaces with guide letters.</subfield>
    </datafield>
    <datafield tag="500" ind1=" " ind2=" ">
      <subfield code="6">880-01</subfield>
      <subfield code="a">Signatures volume 3: &amp;⁶ a-g⁶/⁸ h-t⁶ v⁸; &amp;1v and v8 are blank.</subfield>
    </datafield>
    <datafield tag="510" ind1="4" ind2=" ">
      <subfield code="a">Incunabula Short Title Catalogue,</subfield>
      <subfield code="c">if00136000</subfield>
      <subfield code="u">https://data.cerl.org/istc/if00136000</subfield>
    </datafield>
    <datafield tag="510" ind1="4" ind2=" ">
      <subfield code="a">Gesamtkatalog der Wiegendrucke,</subfield>
      <subfield code="c">09841</subfield>
      <subfield code="u">https://www.gesamtkatalogderwiegendrucke.de/docs/GW09841.htm</subfield>
    </datafield>
    <datafield tag="510" ind1="4" ind2=" ">
      <subfield code="a">Incunabula in Dutch libraries,</subfield>
      <subfield code="c">1802</subfield>
    </datafield>
    <datafield tag="510" ind1="4" ind2=" ">
      <subfield code="a">Bayerische Staatsbibliothek Inkunabelkatalog,</subfield>
      <subfield code="c">F-90</subfield>
      <subfield code="u">https://inkunabeln.digitale-sammlungen.de/Ausgabe_F-90.html</subfield>
    </datafield>
    <datafield tag="510" ind1="4" ind2=" ">
      <subfield code="a">Typenrepertorium der Wiegendrucke,</subfield>
      <subfield code="c">ma01488</subfield>
      <subfield code="u">https://tw.staatsbibliothek-berlin.de/ma01488</subfield>
    </datafield>
    <datafield tag="510" ind1="4" ind2=" ">
      <subfield code="a">Typenrepertorium der Wiegendrucke,</subfield>
      <subfield code="c">ma01493</subfield>
      <subfield code="u">https://tw.staatsbibliothek-berlin.de/ma01493</subfield>
    </datafield>
    <datafield tag="510" ind1="4" ind2=" ">
      <subfield code="a">Typenrepertorium der Wiegendrucke,</subfield>
      <subfield code="c">ma01494</subfield>
      <subfield code="u">https://tw.staatsbibliothek-berlin.de/ma01494</subfield>
    </datafield>
    <datafield tag="546" ind1=" " ind2=" ">
      <subfield code="b">Typeface: 1:160G, 4:80G, 5:80G</subfield>
    </datafield>
    <datafield tag="610" ind1="2" ind2="0">
      <subfield code="a">Catholic Church</subfield>
      <subfield code="v">Sermons.</subfield>
    </datafield>
    <datafield tag="650" ind1=" " ind2="0">
      <subfield code="a">Church year sermons</subfield>
      <subfield code="v">Early works to 1800.</subfield>
    </datafield>
    <datafield tag="650" ind1=" " ind2="0">
      <subfield code="a">Sermons, Latin</subfield>
      <subfield code="v">Early works to 1800.</subfield>
    </datafield>
    <datafield tag="650" ind1=" " ind2="0">
      <subfield code="a">Sermons, Medieval.</subfield>
    </datafield>
    <datafield tag="610" ind1="2" ind2="6">
      <subfield code="a">Église catholique</subfield>
      <subfield code="v">Sermons.</subfield>
    </datafield>
    <datafield tag="650" ind1=" " ind2="6">
      <subfield code="a">Sermons pour l'année liturgique</subfield>
      <subfield code="v">Ouvrages avant 1800.</subfield>
    </datafield>
    <datafield tag="650" ind1=" " ind2="6">
      <subfield code="a">Sermons latins</subfield>
      <subfield code="v">Ouvrages avant 1800.</subfield>
    </datafield>
    <datafield tag="650" ind1=" " ind2="6">
      <subfield code="a">Sermons médiévaux.</subfield>
    </datafield>
    <datafield tag="610" ind1="2" ind2="7">
      <subfield code="a">Catholic Church</subfield>
      <subfield code="2">fast</subfield>
    </datafield>
    <datafield tag="650" ind1=" " ind2="7">
      <subfield code="a">Church year sermons</subfield>
      <subfield code="2">fast</subfield>
    </datafield>
    <datafield tag="650" ind1=" " ind2="7">
      <subfield code="a">Sermons, Latin</subfield>
      <subfield code="2">fast</subfield>
    </datafield>
    <datafield tag="650" ind1=" " ind2="7">
      <subfield code="a">Sermons, Medieval</subfield>
      <subfield code="2">fast</subfield>
    </datafield>
    <datafield tag="655" ind1=" " ind2="0">
      <subfield code="a">Incunabula.</subfield>
    </datafield>
    <datafield tag="655" ind1=" " ind2="7">
      <subfield code="a">incunabula (books)</subfield>
      <subfield code="2">aat</subfield>
    </datafield>
    <datafield tag="655" ind1=" " ind2="7">
      <subfield code="a">Early works</subfield>
      <subfield code="2">fast</subfield>
    </datafield>
    <datafield tag="655" ind1=" " ind2="7">
      <subfield code="a">Sermons</subfield>
      <subfield code="2">fast</subfield>
    </datafield>
    <datafield tag="655" ind1=" " ind2="7">
      <subfield code="a">Incunabula.</subfield>
      <subfield code="2">rbgenr</subfield>
    </datafield>
    <datafield tag="655" ind1=" " ind2="7">
      <subfield code="a">Incunables.</subfield>
      <subfield code="2">rvmgf</subfield>
    </datafield>
    <datafield tag="700" ind1="1" ind2=" ">
      <subfield code="a">Husner, Georg,</subfield>
      <subfield code="d">-1505,</subfield>
      <subfield code="e">printer.</subfield>
      <subfield code="4">prt</subfield>
      <subfield code="1">https://id.oclc.org/worldcat/entity/E39PBJr3rWjFG8qDWhYWtkKDbd</subfield>
    </datafield>
    <datafield tag="752" ind1=" " ind2=" ">
      <subfield code="a">France</subfield>
      <subfield code="d">Strasbourg,</subfield>
      <subfield code="e">publication place.</subfield>
      <subfield code="4">pup</subfield>
    </datafield>
    <datafield tag="880" ind1=" " ind2=" ">
      <subfield code="6">500-00/(S</subfield>
      <subfield code="a">Signatures volume 1: π¹⁰ a-b⁸ c-q⁶⁻⁸ r-z⁶ A-F⁶ G⁸; π1v, π10v, and G8 are blank.</subfield>
    </datafield>
    <datafield tag="880" ind1=" " ind2=" ">
      <subfield code="6">500-01/(S</subfield>
      <subfield code="a">Signatures volume 2: π⁸ aa-bb⁸ cc-vv⁶/⁸ xx-yy⁶ zz⁸ AA-NN ⁶ OO⁸; π1, OO8 are blank. π2-π5 signed i-iiij.</subfield>
    </datafield>
    <datafield tag="936" ind1=" " ind2=" ">
      <subfield code="a">BATCHLOAD</subfield>
    </datafield>
  </record>